| 000 | 00475nam a2200193Ia 4500 | ||
|---|---|---|---|
| 005 | 20240823054458.0 | ||
| 008 | 240823s9999||||xx |||||||||||||| ||und|| | ||
| 041 | _aENGLISH | ||
| 082 | _A549 N2 | ||
| 100 | _aVenkatachalam S | ||
| 245 | 0 | _aLaboratory Experiments in Mineral Engineering | |
| 250 | _a1st | ||
| 260 |
_c1992 _b"Oxford,New Delhi" |
||
| 500 | _aTransfered | ||
| 650 |
_aMinerals _bChemistry |
||
| 700 | _a Degaleesan.S.N | ||
| 942 | _cBK | ||
| 999 |
_c226555 _d226555 |
||